000 01069nam a22003257a 4500
003 CHAP
005 20220329143820.0
008 110927s1977 mx a r 00010 spa d
010 _a102247
011 _a103219
035 _a113908
040 _cCHAP
090 _aFolleto 18084
100 0 0 _aSifuentes Aguilar, Juan Antonio.
_9105887
245 1 0 _aPlagas de los granos almacenados y su control
_c/por J. Antonio Sifuentes A.
260 _aMéxico, D. F. :
_bINIA,
_c1977
300 _a25 p. :
_bilus.
490 0 _aFolleto de divulgación
_v; 68
590 _aBATCH-UPD
_b10
_c20130110
_lUCH01
_h1205
590 _aBATCH-UPD
_b10
_c20130410
_lUCH01
_h0746
590 _aBATCH-UPD
_b10
_c20130914
_lUCH01
_h0915
590 _aCONVERSION
_b10
_c20130109
_lUCH01
_h1356
650 1 4 _aCereales
_xAlmacenamiento.
_921373
650 1 4 _aCereales
_xPlagas.
_921450
650 1 4 _aControl de plagas.
_927595
830 0 _aFolleto de divulgación
_v; 68
_942033
901 _aBK
942 _cFOLL
949 _aFolleto 18084
_bBC
_cFOLL
_d33724002255439
_eTS1
_gDonaciØn
_i113908
_sb
999 _c102247
_d102247